Republic of Zimbabwe Science and Technology Policy / (Record no. 99002)

MARC details
000 -LEADER
fixed length control field 00699nam a2200217 a 4500
008 - FIXED-LENGTH DATA ELEMENTS--GENERAL INFORMATION
fixed length control field
049 ## - LOCAL HOLDINGS (OCLC)
Holding library MAIN
090 ## - LOCALLY ASSIGNED LC-TYPE CALL NUMBER (OCLC); LOCAL CALL NUMBER (RLIN)
Classification number (OCLC) (R) ; Classification number, CALL (RLIN) (NR) SC Q124.6 SCI
003 - CONTROL NUMBER IDENTIFIER
control field
005 - DATE AND TIME OF LATEST TRANSACTION
control field 20230120153119.0
040 ## - CATALOGING SOURCE
Transcribing agency NUST
110 ## - MAIN ENTRY--CORPORATE NAME
Corporate name or jurisdiction name as entry element Research Council of Zimbabwe
245 10 - TITLE STATEMENT
Title Republic of Zimbabwe Science and Technology Policy /
Statement of responsibility, etc. Research Council of Zimbabwe.
260 ## - PUBLICATION, DISTRIBUTION, ETC.
Place of publication, distribution, etc. Harare :
Name of publisher, distributor, etc. Research Council of Zimbabwe ,
Date of publication, distribution, etc. 2002.
300 ## - PHYSICAL DESCRIPTION
Extent x, 50 p. :
Other physical details ill. ;
Dimensions 30 cm.
650 #1 - SUBJECT ADDED ENTRY--TOPICAL TERM
Topical term or geographic name entry element Science and state
Geographic subdivision Zimbabwe.
650 ## - SUBJECT ADDED ENTRY--TOPICAL TERM
Topical term or geographic name entry element Technology and state
Geographic subdivision Zimbabwe.
650 #0 - SUBJECT ADDED ENTRY--TOPICAL TERM
Topical term or geographic name entry element Research
General subdivision Government policy.
907 ## - LOCAL DATA ELEMENT G, LDG (RLIN)
a .b10192918
b 26-03-07
c 20-02-06
942 ## - ADDED ENTRY ELEMENTS (KOHA)
Koha item type Ordinary Loan Books
Call number prefix SC Q124.6 SCI
Holdings
Date last seen Total Checkouts Full call number Barcode Cost, replacement price Price effective from Koha item type Lost status Source of classification or shelving scheme Damaged status Not for loan Collection Withdrawn status Home library Current library Shelving location Date acquired Cost, normal purchase price
01/20/2023   SC Q124.6 SCI 92004000921 80.00 01/20/2023 3HOUR   LCC     NFIC   MAIN MAIN GEN 01/20/2023 80.00